Entry Personal Name
Number of records used in: 1
001 - CONTROL NUMBER
003 - CONTROL NUMBER IDENTIFIER
005 - DATE AND TIME OF LATEST TRANSACTION
- control field:
20200116154806.0
008 - FIXED-LENGTH DATA ELEMENTS
- fixed length control field:
800718n| azannaabn |n aaa
010 ## - LIBRARY OF CONGRESS CONTROL NUMBER
- LC control number:
n 50025115
040 ## - CATALOGING SOURCE
- Original cataloging agency:
DLC
- Language of cataloging:
eng
- Description conventions:
rda
- Transcribing agency:
DLC
- Modifying agency:
DLC
100 1# - HEADING--PERSONAL NAME
- Personal name:
Hawkins, David F.
372 ## - FIELD OF ACTIVITY
- Field of activity:
Accounting
- Source of term:
lcsh
375 ## - GENDER
377 ## - ASSOCIATED LANGUAGE
670 ## - SOURCE DATA FOUND
- Source citation:
Corporate financial reporting: text and cases, 1971.
670 ## - SOURCE DATA FOUND
- Source citation:
Information from 678 converted Dec. 11, 2014
- Information found:
(Dr.)
670 ## - SOURCE DATA FOUND
- Source citation:
Accounting, 2011:
- Information found:
t.p. (David F. Hawkins)
670 ## - SOURCE DATA FOUND
- Source citation:
Harvard Business School, Faculty & Research, Mar. 31, 2015
- Information found:
( David F. Hawkins; Lovett-Learned Professor of Business Administration; Professor Hawkins teaches the first-year MBA course, Financial Reporting and Control. He has written numerous articles and books and Professor Hawkins' articles have received numerous awards. In 1990 Professor Hawkins was named number one on the Institutional Investor's All American Research Team in the accounting category)
- Uniform Resource Identifier:
http://www.hbs.edu/faculty/Pages/profile.aspx?facId=6473